| 000 | 00670cam a2200181u 4500 | ||
|---|---|---|---|
| 082 |
_a513 _bWIL _cL-1 ; P-2 |
||
| 100 | 1 |
_aWilson, Guy Mitchell, _939168 |
|
| 245 | 1 | 0 |
_aTeaching the new arithmetic/ _bwhat to teach, how to teach it, provision for professional growth, |
| 250 | _a1st ed. | ||
| 260 |
_aNew York and London, _bMcGraw-Hill book company, inc., _c1939. |
||
| 300 |
_axi, 458 p. _billus., diagrs. _c24 cm. |
||
| 526 |
_a0 _b0 _c0 _d513_000000000000000_WIL |
||
| 650 | 0 |
_aArithmetic _xStudy and teaching. _939169 |
|
| 650 | 0 |
_aMCE _9379 |
|
| 700 | 1 |
_aDalrymple, Charles O., [from old catalog] _939170 |
|
| 700 | 1 |
_aStone, Mildred Browning, _939171 |
|
| 942 |
_2ddc _cBK |
||
| 999 |
_c543697 _d543697 |
||